| 000 | 00541cam a22001817i 4500 | ||
|---|---|---|---|
| 001 | 19550014 | ||
| 005 | 20250910085438.0 | ||
| 008 | 170313s2014 ohu b 000 0 eng | ||
| 020 | _a9781628368710 | ||
| 050 | 0 | 0 | _aMLCS 2018/48584 (B) |
| 245 | 1 | 4 | _aThe Bible promise book : |
| 260 |
_aNEW JERSEY _bBARBOUR AND COMPANY, INC. _cc1985 |
||
| 300 |
_a180 pages ; _c18 cm |
||
| 500 |
_aMinimal Level Cataloging Plus. _5DLC |
||
| 650 | 0 |
_aChristmas _vPrayers and devotions. |
|
| 700 | 1 |
_aSimmons, JoAnne, _ewriter, _ecompiler. |
|
| 942 |
_2lcc _cBK _n0 |
||
| 999 |
_c7495 _d7495 |
||